banner koha

Análise econômica da indústria de madeiras tropicais: o caso do polo de Sinop - MT (Registro n. 298991)

MARC details
000 -LÍDER
fixed length control field 01073nab a2200301 4500
003 - CÓDIGO MARC DA AGÊNCIA CATALOGADORA
Campo de controle BR-BrBNA
005 - DATA E HORA DA ÚLTIMA ATUALIZAÇÃO
Campo de controle 20240328150651.0
008 - CAMPO DE TAMANHO FIXO
fixed length control field 240328b bl.||||| |||| 00| 0 por d
040 ## - FONTE DA CATALOGAÇÃO
Agência catalogadora BR-BrBNA
Idioma da catalogação por
072 ## - CATEGORIA AGRIS
Código AGRIS K50 ; E10; P01
100 ## - ENTRADA PRINCIPAL - NOME PESSOAL
Nome pessoal Ângelo, Humberto
100 ## - ENTRADA PRINCIPAL - NOME PESSOAL
Nome pessoal Silva, Gilson Fernandes da
245 ## - TÍTULO PRINCIPAL
Título principal Análise econômica da indústria de madeiras tropicais: o caso do polo de Sinop - MT
Subtítulo Pesquisa
500 ## - NOTA GERAL
Nota geral Summaries (eng, por); 23 ref.; 2 illus.; 9 tables
942 ## - ADDED ENTRY ELEMENTS (KOHA)
Koha item type
650 ## - ASSUNTO - THESAGRO
Cabeçalho tópico ou nome geográfico INDÚSTRIA FLORESTAL
650 ## - ASSUNTO - THESAGRO
Cabeçalho tópico ou nome geográfico INDÚSTRIA MADEIREIRA
650 ## - ASSUNTO - THESAGRO
Cabeçalho tópico ou nome geográfico ANÁLISE ECONÔMICA
650 ## - ASSUNTO - THESAGRO
Cabeçalho tópico ou nome geográfico ANÁLISE DE CUSTO-BENEFÍCIO
650 ## - ASSUNTO - THESAGRO
Cabeçalho tópico ou nome geográfico POLÍTICA INDUSTRIAL
650 ## - ASSUNTO - THESAGRO
Cabeçalho tópico ou nome geográfico PRODUÇÃO
650 ## - ASSUNTO - THESAGRO
Cabeçalho tópico ou nome geográfico PRODUTIVIDADE
650 ## - ASSUNTO - THESAGRO
Cabeçalho tópico ou nome geográfico SUSTENTABILIDADE
650 ## - ASSUNTO - THESAGRO
Cabeçalho tópico ou nome geográfico SINOP
650 ## - ASSUNTO - THESAGRO
Cabeçalho tópico ou nome geográfico MATO GROSSO
773 0# - ENTRADA ANALÍTICA
Host Biblionumber 1357
Registro do item 4684
Imprenta Brasília-DF Instituto Brasileiro de Desenvolvimento Florestal 1970
Outro identificador 2023-07828
Título Brasil Florestal (Brazil)
ISSN 0045-270X
Colação v. 22(78) p. 19-32; (Dec 2003)
Número de controle de registro BR2024000536

Nenhum exemplar disponível.

BINAGRI

Telefone: (61)3218-2567/2388/3357/2097 - binagri@agro.gov.br

Ministério da Agricultura e Pecuária , Esplanada dos Ministérios, Bloco D, Anexo B, Brasília/DF, CEP: 70.043-900